000 00544nam a2200157 4500
008 020510s1991 cou engta
090 0 _aBF698.4
_bR42
100 1 _aRickerson, Wayne
245 1 0 _aThe winning hand :
_bmaking the most of your family's personality differences /
_cWayne Rickerson.
260 _aColorado :
_bNavPress,
_cc1991.
300 _a178 p. :
_bcharts
650 4 _aFamily
_xInterpersonal relationships.
650 4 _aPsychology, Applied.
951 _p13079
_oBF698.4/R42
_j070613111112203
_d2000-12-21
_cGC
999 _c6121
_d6121